Countries Bordering Spain (with an empty map) - Statistics

General Stats
  • This quiz has been taken 792 times
  • The average score is 5 of 5
Answers on the Map
Answers color-coded by a green-red scale on the quiz's map according to % correct below.
 
Answer Stats
Countries % Correct
France
100%
Portugal
99%
Andorra
96%
Morocco
88%
United Kingdom
70%
No matching quizzes found
Score Distribution
Percent of People with Each Score
Percentile by Number Answered
Your Score History
You have not taken this quiz